The Law Society's conveyancing handbook (Record no. 109035)
[ view plain ]
| 000 -LEADER | |
|---|---|
| fixed length control field | 02154cam a22004335a 4500 |
| 001 - CONTROL NUMBER | |
| control field | L146055 |
| 008 - FIXED-LENGTH DATA ELEMENTS--GENERAL INFORMATION | |
| fixed length control field | 081204s2008 xxk f h 001 0 eng d |
| 020 ## - INTERNATIONAL STANDARD BOOK NUMBER | |
| International Standard Book Number | 9781853287138 |
| 022 1# - INTERNATIONAL STANDARD SERIAL NUMBER | |
| International Standard Serial Number | 13501852 |
| 035 ## - SYSTEM CONTROL NUMBER | |
| System control number | (Sirsi) u146055 |
| 041 0# - LANGUAGE CODE | |
| Language code of text/sound track or separate title | eng |
| 050 04 - LIBRARY OF CONGRESS CALL NUMBER | |
| Classification number | 346.410438 $2 18 |
| 100 1# - MAIN ENTRY--PERSONAL NAME | |
| Personal name | Silverman, Frances |
| 245 04 - TITLE STATEMENT | |
| Title | The Law Society's conveyancing handbook |
| 250 ## - EDITION STATEMENT | |
| Edition statement | 15th ed. |
| 260 ## - PUBLICATION, DISTRIBUTION, ETC. | |
| Place of publication, distribution, etc. | London |
| Name of publisher, distributor, etc. | The Law Society |
| Date of publication, distribution, etc. | 2008 |
| 300 ## - PHYSICAL DESCRIPTION | |
| Extent | xlix, 1246p. |
| Dimensions | 24cm. |
| 350 ## - PRICE (NR) (BK AM CF MU VM SE) [OBSOLETE] | |
| Price | 85.00 |
| 505 2# - FORMATTED CONTENTS NOTE | |
| Formatted contents note | New developments -- Preliminary matters -- Pre-exchange -- Exchange -- Title -- Pre-completion -- Completion -- Post-Completion -- Lenders -- New properties -- Sales of part -- Leaseholds -- Commonhold -- Delay and remedies -- Costs -- Solicitors Regulation Authority -- Law Society's practice notes -- Law Society's forms -- Law Society's practice information -- Law Society interest rate -- Council of Mortgage Lenders Guidance -- HM Revenue and Customs -- The Land Registry -- Office of the Official Solicitor -- statutory materials -- directory |
| 520 ## - SUMMARY, ETC. | |
| Summary, etc. | Updated edition of this comprehensive handbook now includes sections on the increased risk of exposure to mortgage fraud, publication of the Law Society's business leases 2008 and the introduction of sustainability certificates and the CML Disclosure of Incentives form. |
| 520 ## - SUMMARY, ETC. | |
| Summary, etc. | Supersedes the 14th edition (ISBN 1853285587). |
| 521 ## - TARGET AUDIENCE NOTE | |
| Target audience note | Advanced |
| 590 ## - LOCAL NOTE (RLIN) | |
| Local note | KA |
| 650 24 - SUBJECT ADDED ENTRY--TOPICAL TERM | |
| Topical term or geographic name entry element | VALUE ADDED TAX (BUILDINGS AND LAND) ORDER 2008 |
| 650 24 - SUBJECT ADDED ENTRY--TOPICAL TERM | |
| Topical term or geographic name entry element | FINANCE ACT 2008 |
| 650 24 - SUBJECT ADDED ENTRY--TOPICAL TERM | |
| Topical term or geographic name entry element | HOME INFORMATION PACK (AMENDMENT) REGULATIONS 2008 |
| 650 24 - SUBJECT ADDED ENTRY--TOPICAL TERM | |
| Topical term or geographic name entry element | HOUSING AND REGENERATION ACT 2008 |
| 650 24 - SUBJECT ADDED ENTRY--TOPICAL TERM | |
| Topical term or geographic name entry element | LASTING POWERS OF ATTORNEY, ENDURING POWERS OF ATTORNEY AND PUBLIC GUARDIAN REGULATIONS 2007 |
| 650 24 - SUBJECT ADDED ENTRY--TOPICAL TERM | |
| Topical term or geographic name entry element | TRIBUNALS, COURTS AND ENFORCEMENT ACT 2007 |
| 650 24 - SUBJECT ADDED ENTRY--TOPICAL TERM | |
| Topical term or geographic name entry element | COMPANIES ACT 2006 |
| 651 #4 - SUBJECT ADDED ENTRY--GEOGRAPHIC NAME | |
| Geographic name | England and Wales |
| Chronological subdivision | 1543- |
| 690 ## - LOCAL SUBJECT ADDED ENTRY--TOPICAL TERM (OCLC, RLIN) | |
| Topical term or geographic name as entry element | PROPERTY-PROPERTY ACQUISITION AND DISPOSAL-CONVEYANCING |
| 700 1# - ADDED ENTRY--PERSONAL NAME | |
| Personal name | Goss, Annette |
| 700 1# - ADDED ENTRY--PERSONAL NAME | |
| Personal name | Hewitson, Russell |
| 700 1# - ADDED ENTRY--PERSONAL NAME | |
| Personal name | Reekie, Peter |
| 700 1# - ADDED ENTRY--PERSONAL NAME | |
| Personal name | Rodell, Anne |
| 700 1# - ADDED ENTRY--PERSONAL NAME | |
| Personal name | Taylor, Michael |
| 942 ## - ADDED ENTRY ELEMENTS (KOHA) | |
| Suppress in OPAC | 0 |
| Withdrawn status | Lost status | Source of classification or shelving scheme | Damaged status | Not for loan | Home library | Current library | Shelving location | Date acquired | Cost, normal purchase price | Total Checkouts | Full call number | Barcode | Date last seen | Date last checked out | Copy number | Cost, replacement price | Price effective from | Koha item type |
|---|---|---|---|---|---|---|---|---|---|---|---|---|---|---|---|---|---|---|
| Dewey Decimal Classification | London | London | Books | 10/12/2008 | 84.99 | 3 | 346.410438 | 30076429 | 06/08/2019 | 07/04/2009 | 1 | 84.99 | 06/08/2019 | Book |